|
|
|
|
| LEADER |
00000nam0a2200000 4500 |
| 001 |
670178 |
| 005 |
20240313110734.0 |
| 010 |
|
|
|a 978-5-98589-064-8
|
| 090 |
|
|
|a 670178
|
| 100 |
|
|
|a 20240117d2017 k||y0rusy50
|
| 101 |
0 |
|
|a rus
|
| 102 |
|
|
|a RU
|
| 105 |
|
|
|a a z 001yy
|
| 181 |
|
0 |
|a i
|b e
|
| 182 |
|
0 |
|a n
|
| 183 |
|
0 |
|a nc
|2 RDAcarrier
|
| 200 |
1 |
|
|a Новые технологии создания медицинских материалов, имплантов и аппаратов на основе никелида титана с использованием инфракрасного излучения
|f С. В. Гюнтер, Г. Ц. Дамбаев, В. Э. Гюнтер [и др.]
|g НИИ медицинских материалов с памятью формы Сибирского физико-технического института Томского государственного университета ; Сибирский государственный медицинский университет ; под ред. В. Э. Гюнтера
|
| 203 |
|
|
|a Текст
|b визуальный
|c непосредственный
|
| 210 |
|
|
|a Томск
|c Изд-во ООО "НПП МИЦ"
|d 2017
|
| 215 |
|
|
|a 233 с.
|c ил.
|
| 283 |
|
|
|a volume
|2 RDAcarrier
|
| 320 |
|
|
|a Литература: с. 222-233
|
| 330 |
|
|
|a В книге представлены новые разработки технологий создания медицинских материалов на основе никелида титана, имплантатов и аппаратов с использованием инфракрасного (ИК) излучения. Дано подробное описание природы и понятий ИК-излучения. Приведены основные физические закономерности проявления теплового ИК-излучения и сделан обзор существующих результатов исследований по воздействию ИК-излучения на биоткань и биологическую среду. Рассмотрены проблемы взаимодействия излучения с металлическими медицинскими материалами. Подробно проанализированы проблемы биосовместимости сплавов на основе никелида титана - сплавов с памятью формы. Представлена разработка технологии изготовления сверхтонкой проволоки (нити) из сплавов на основе никелида титана с использованием ИК-излучения, созданы сетчатые тканевые имплантаты. В работе выделены исследования воздействия ИК-излучения на пористо-проницаемый материал инкубаторов из никелида титана как эффективных носителей клеток в тканевой инженерии Рассмотрены вопросы, связанные с влиянием ИК-излучения на развитие клеточных популяций в пористо-проницаемых инкубаторах из никелида титана. Представлены разработки оптико-электронной системы с использованием ИК-излучения в диагностике полых органов, в частности, трахеобронхиальной дискинезии в хирургической пульмонологии. Описан принцип и аппарат для безыгольной методики лечения сахарного диабета. Приведены результаты экспериментально-клинических исследований применения безыгольного аппарата с ИК-излучением для лечения сахарного диабета.
|
| 606 |
1 |
|
|a Медицинские материалы
|9 76621
|
| 610 |
1 |
|
|a ИК-излучения
|
| 610 |
1 |
|
|a биоткани
|
| 610 |
1 |
|
|a тканевая инженерия
|
| 610 |
1 |
|
|a металлические материалы
|
| 610 |
1 |
|
|a электромагнитные излучения
|
| 610 |
1 |
|
|a имплантация
|
| 610 |
1 |
|
|a хирургическая пульмонология
|
| 610 |
1 |
|
|a сахарный диабет
|
| 610 |
1 |
|
|a диагностические системы
|
| 610 |
1 |
|
|a клеточные культуры
|
| 675 |
|
|
|a 615.4
|v 4
|z rus
|
| 701 |
|
1 |
|a Гюнтер
|b С. В.
|c специалист в области электрофизики
|c инженер Томского политехнического университета
|f 1980-
|g Сергей Викторович
|9 15528
|
| 701 |
|
1 |
|a Дамбаев
|b Г. Ц.
|g Георгий Цыренович
|
| 701 |
|
1 |
|a Гюнтер
|b В. Э.
|g Виктор Эдуардович
|
| 701 |
|
1 |
|a Ходоренко
|b В. Н.
|g Валентина Николаевна
|
| 701 |
|
1 |
|a Марченко
|b Е. С.
|g Екатерина Сергеевна
|
| 702 |
|
1 |
|4 340
|a Гюнтер
|b В. Э.
|g Виктор Эдуардович
|
| 712 |
0 |
2 |
|a Томский государственный университет
|b Сибирский физико-технический институт им. В. Д. Кузнецова
|b Научно-исследовательский институт медицинских материалов и имплантатов с памятью формы
|9 27253
|
| 712 |
0 |
2 |
|a Сибирский государственный медицинский университет
|c (Томск)
|c (1992- )
|4 570
|9 23579
|
| 801 |
|
0 |
|a RU
|b 63413507
|c 20240117
|
| 942 |
|
|
|c BK
|